Central Library OPAC University of Rajshahi
Normal view MARC view

Entry Personal Name

Number of records used in: 9

001 - CONTROL NUMBER

  • control field: 13714

003 - CONTROL NUMBER IDENTIFIER

  • control field: BD-RjUL

005 - DATE AND TIME OF LATEST TRANSACTION

  • control field: 20241006102354.0

008 - FIXED-LENGTH DATA ELEMENTS

  • fixed length control field: 241006|| aca||aabn | a|a d

040 ## - CATALOGING SOURCE

  • Original cataloging agency: BD-RjUL
  • Transcribing agency: BD-RjUL

100 ## - HEADING--PERSONAL NAME

  • Personal name: Gani, Md. Ataul

670 ## - SOURCE DATA FOUND

  • Source citation: Work cat.: (BD-RjUL)84079: Gani, Md. Ataul, Evaluation of the Existing English Language Curricula of the Training Institutes for BCS Administration Cadre in Bangladesh /, 2019